000 00589nam a2200205 a 4500
001 3364
003 CO-ViMGA
008 141112s2004 ck r 000 u spa d
040 _aCO-ViMGA
_bspa
_cCO-ViMGA
082 0 4 _aR423.61 LL673
100 1 _aLlorens Camp, María Jose
245 1 0 _aDiccionario english - español español - english
260 _aEspaña :
_bM.E.,
_c1995
300 _a203 p
490 _aManuales
590 _aDatos de inventario : 05189
650 1 4 _aESPAÑOL - DICCIONARIOS - INGLES
_94247
650 1 4 _aINGLES - DICCIONARIO - ESPAÑOL
_95688
942 _2ddc
_cBK
999 _c15413
_d15413